| 000 | 00969nam a2200265 a 4500 | ||
|---|---|---|---|
| 001 | BRCA_13 | ||
| 005 | 20190320202837.0 | ||
| 008 | 830111s1991 mx-a---###---#000-0#spa-# | ||
| 020 | _a9683619959 | ||
| 040 |
_aDLC _cCarP _dDLC |
||
| 050 | 4 |
_aZ7840.F8 _b.Z98 1991 |
|
| 100 | 1 |
_aZulaica Gárate, Román _963 |
|
| 245 | 1 | 0 |
_aLos franciscanos y la imprenta en México en el siglo XVI _cRomán Zulaica Gárate. |
| 260 |
_aMéxico _bUNAM, Instituto de Investigaciones Bibliográficas _c1991 |
||
| 300 |
_a373 p. _bil. _c24 cm. |
||
| 500 | _aIncluye índice de nombres propios y de materias | ||
| 500 | _aFacsímil de: México : P. Robredo, 1939 | ||
| 610 | 2 | 4 |
_aFranciscanos _xBibliografía _964 |
| 610 | 2 | 4 |
_aFranciscanos _zMéxico _965 |
| 650 | 1 | 4 |
_aImprenta _xHistoria _ySiglo XVI _zMéxico _966 |
| 650 | 1 | 4 |
_aLibros impresos _xBibliografía _ySiglo XVI _zMéxico _967 |
| 651 | 4 |
_aMéxico _xImpresos _968 |
|
| 653 | 0 | _aOrdenes religiosas - Nueva España - Libros | |
| 942 |
_2lcc _cB |
||
| 999 |
_c13 _d13 |
||